Mining engineering analysis. -- 2nd ed. (Record no. 51291)

MARC details
000 -LEADER
fixed length control field 00683nam a2200181 a 4500
008 - FIXED-LENGTH DATA ELEMENTS--GENERAL INFORMATION
fixed length control field 110504s2003 ||||||||||||||||| || u
020 ## - INTERNATIONAL STANDARD BOOK NUMBER
International Standard Book Number 0873352211
050 ## - LIBRARY OF CONGRESS CALL NUMBER
Classification number TN 165 Bis
100 ## - MAIN ENTRY--PERSONAL NAME
Personal name Bise, Christopher J
245 10 - TITLE STATEMENT
Title Mining engineering analysis. -- 2nd ed.
Statement of responsibility, etc. Christopher J. Bise
250 ## - EDITION STATEMENT
Edition statement 2nd ed.
260 ## - PUBLICATION, DISTRIBUTION, ETC.
Place of publication, distribution, etc. Colorado, USA:
Name of publisher, distributor, etc. Society for Mining, Metallurgy, and Exploration, Inc. (SME)
Date of publication, distribution, etc. 2003
300 ## - PHYSICAL DESCRIPTION
Extent xiv, 313p.: ill.
350 ## - PRICE (NR) (BK AM CF MU VM SE) [OBSOLETE]
Price 0.00
650 ## - SUBJECT ADDED ENTRY--TOPICAL TERM
Topical term or geographic name entry element MINING ENGINEERING
650 ## - SUBJECT ADDED ENTRY--TOPICAL TERM
Topical term or geographic name entry element MINING
995 ## - RECOMMENDATION 995 [LOCAL, UNIMARC FRANCE]
-- 0.00
-- CBU-MAIN LIBRARY (Kitwe)
-- 1
-- 0.00
-- 1
-- AVAILABLE
-- May 6, 2011
-- Main Library Open Access Collection
Holdings
Withdrawn status Lost status Source of classification or shelving scheme Damaged status Not for loan Home library Current library Shelving location Date acquired Total Checkouts Full call number Barcode Date last seen Price effective from Koha item type
          CBU-MAIN LIBRARY, KITWE. CBU-MAIN LIBRARY, KITWE.   11/30/2022   TN 165 Bis 742540 11/30/2022 11/30/2022 MONOGRAPH